| 000 | 00709nam a2200229 i 4500 | ||
|---|---|---|---|
| 001 | 75884 | ||
| 003 | ES-MaACL | ||
| 005 | 20230906172635.0 | ||
| 007 | t| | ||
| 008 | 040928s1986 sp ||||1| spa d | ||
| 020 | _a84-206-9529-7 | ||
| 100 | 1 |
_aGraves, Robert. _959783 |
|
| 245 | 1 | 4 |
_aLos mitos hebreos / _cRobert Graves, Raphael Patai ; [versión española de Luis Echávarri ; revisión de Lucía Graves]. |
| 260 |
_aMadrid : _bAlianza, _c[1986] |
||
| 300 |
_a275 p. ; _c22 cm. |
||
| 500 | _aIndice. | ||
| 504 | _aBibliografía: p. 245-257. | ||
| 700 | 1 |
_aPatai, Raphael. _989547 |
|
| 700 | 1 |
_aEchávarri, Luis. _946507 |
|
| 700 | 1 |
_aGraves, Lucía. _959780 |
|
| 852 |
_aES-MaACL _jL-10633 _bR.111962 |
||
| 999 |
_c75884 _d75884 |
||